It looks like you're offline.
Open Library logo
additional options menu

MARC Record from Library of Congress

Record ID marc_loc_2016/BooksAll.2016.part25.utf8:109061961:1039
Source Library of Congress
Download Link /show-records/marc_loc_2016/BooksAll.2016.part25.utf8:109061961:1039?format=raw

LEADER: 01039cam a2200289 a 4500
001 96045615
003 DLC
005 19970324070153.6
008 961104s1997 pau bf 001 0 eng c
010 $a 96045615
020 $a0803602901 (pbk)
040 $aDNLM/DLC$cDLC$dDLC
050 10 $aRC440$b.T69 1997
060 10 $aWY 39 T749n 1997
082 00 $a610.73/68$221
100 1 $aTownsend, Mary C.,$d1941-
245 10 $aNursing diagnoses in psychiatric nursing :$ba pocket guide for care plan construction /$cMary C. Townsend.
250 $a4th ed.
260 $aPhiladelphia :$bF.A. Davis,$cc1997.
300 $axix, 498 p. ;$c29 cm.
504 $aIncludes bibliographical references (p. 410-416) and indexes.
650 0 $aPsychiatric nursing$xHandbooks, manuals, etc.
650 0 $aMental illness$xDiagnosis$xHandbooks, manuals, etc.
650 0 $aNursing diagnosis$xHandbooks, manuals, etc.
650 12 $aMental Disorders$xnursing$xhandbooks.
650 22 $aNursing Diagnosis$xhandbooks.
650 22 $aPatient Care Planning$xhandbooks.